000 01125nam a2200229Ii 4500
003 JO-AjNU
005 20240630092913.0
008 230605s9999||||xx |||||||||||||| ||und||
040 _aJO-AjNU
_bara
_erda
_cJO-AjNU
041 _aara
050 1 4 _aK1430 .H3748 2006
100 3 _aإعداد جمال حسني هارون؛ إشراف محمد يوسف الزعبي ,
_eauthor
_946750
245 0 0 _aالحماية المدنية للحق الأدبي للمؤلف في التشريع الأردني " دراسة مقارنة "
_c/ اعداد جمال حسني هارون ؛ اشراف محمد يوسف الزعبي
264 3 1 _a 2006
300 _a324 ورقة
336 _atext
_btxt
_2rdacontent
337 _aunmediated
_bn
_2rdamedia
338 _avolume
_bnc
_2rdacarrier
500 _aرسالة جامعية (ماجستير في القانون الخاص )--جامعة عمان العربية ، كلية الدراسات القانونية العليا ، 2006
650 4 _aحقوق الطبع والنشر -- الأردن -- المؤلفون -- حقوق الملكية -- الأردن
_946751
942 _2lcc
_cTHS
999 _c23929
_d23929